Statistics for US States With The Most and Least Natural Disasters

Click here to take the quiz!

General Stats

  • This quiz has been taken 52 times
  • The average score is 15 of 20

Answer Stats

HintAnswer% Correct
1284California
95%
5130Florida
95%
2255Texas
95%
1045Hawaii
87%
1079Louisiana
87%
695New York
85%
3173Oklahoma
85%
882Alabama
77%
980Colorado
77%
222Rhode Island
74%
4136Washington
74%
944Idaho
67%
837Michigan
67%
783New Mexico
67%
330South Carolina
67%
532Maryland
64%
632Wyoming
64%
734Utah
62%
121Delaware
59%
431Connecticut
44%

Score Distribution

Percentile by Number Answered

Percent of People with Each Score

Your Score History

You have not taken this quiz